000 00725nam a22003010a 4500
001 PT58558
003 AR-LpoUNG
005 20210131231901.0
008 191001s1960||||ag |||||||||||||||||spa d
040 _aAR-LpoUNG
_bspa
_cAR-LpoUNG
_eaacr
041 _aspa
044 _aag
082 0 _aA863 864gra
100 1 _aLópez, Lucio Vicente
245 1 3 _aLa gran aldea
250 _a1ra. ed.
260 _aBuenos Aires :
_bEudeba,
_c1960.
300 _a182 p. :
_bil.
650 4 _aARGENTINA
650 4 _aASPECTOS POLITICOS
650 4 _aASPECTOS SOCIALES
650 4 _aCONDICIONES SOCIALES
650 4 _aLITERATURA
650 4 _aTRABAJADORES
651 4 _aArgentina
905 _a58558
942 _cLSALA
999 _c12404
_d12404